00000000nam 2200000zi 4500
0019.945672
003CaOODSP
00520241127142148
006m     o  d f      
007cr mn|||||||||
008241127e197404##onc     ob   f000 0 eng d
040 |aCaOODSP|beng|erda|cCaOODSP
0861 |aEn36-522/148-1974E-PDF
1001 |aBaxter, R. M., |eauthor.
24510|aEnvironmental effects of reservoirs / |cR.M. Baxter.
264 1|a[Burlington, Ont.] : |bCanada Centre for Inland Waters, |cApril 1974.
300 |a1 online resource (41 pages, 1 unnumbered page, 5 pages).
336 |atext|btxt|2rdacontent
337 |acomputer|bc|2rdamedia
338 |aonline resource|bcr|2rdacarrier
4901 |aUnpublished report
500 |aDigitized edition from print [produced by Environment and Climate Change Canada].
504 |aIncludes bibliographical references.
520 |a"Until fairly recently, studies of the limnology and general ecology of reservoirs have been largely limited to matters of rather direct and immediate practical concern. If a reservoir erodes its banks rapidly, or if its volume is rapidly reduced by silting, its usefulness is obviously impaired. If the water in a reservoir is intended for irrigation, or for domestic or industrial use, the influence of impoundment on its quality becomes important. Such considerations have lead to a substantial amount of research in the physical and chemical limnology of reservoirs"--Page 2.
650 0|aReservoirs|xEnvironmental aspects.
650 0|aHydraulic structures|xEnvironmental aspects.
650 6|aRéservoirs (Lacs)|xAspect de l'environnement.
650 6|aOuvrages hydrauliques|xAspect de l'environnement.
7102 |aCanada Centre for Inland Waters, |eissuing body.
830#0|aUnpublished report (Canada Centre for Inland Waters)|w(CaOODSP)9.881827
85640|qPDF|s2.30 MB|uhttps://publications.gc.ca/collections/collection_2024/eccc/en36/En36-522-148-1974-eng.pdf